Quizzes
Events
Quiz Creation
Community
Videos
Private Events
Remove Ads
Sign In
Join for FREE
Feedback
Dark Mode
Quiz Categories
Sports
Geography
Music
Movies
Television
Just For Fun
Miscellaneous
History
Literature
Language
Science
Gaming
Entertainment
Religion
Holiday
For Kids
Quiz Lab
Recent
Popular Today
Quiz Kudos Today
Editor Picks
Curator Picks
Quizzes by...
Day
Popularity
Type
Ratings
Length
Year
Community
Subscriptions
Recent Discussions
Orange Saloon
Badges
Playlists
Quests
Create
Leaderboards
Showdown
Live 5
Trivia Bingo
Activity
Puzzle Library
Sporcle Events
Private Events
Virtual Trivia
Globe League
Become a Host
Pub Owners
SporcleCon
Opinionation
Our Games
Videos
Blog
Mobile Apps
Partnerships
Remove Ads and Go Orange
Feedback
Music
Pop Music
The Beatles
Song
Album
Lyrics
Bands
Singers
Artist
Clip
Rock
Rap
Classical
Billboard
Country Music
Kpop
Taylor Swift
Music
Pop Music
The Beatles
Song
Album
Lyrics
Bands
Singers
Artist
Clip
Rock
Rap
Classical
Billboard
Country Music
Kpop
Taylor Swift
Random Quiz
Search Sporcle
×
Quiz Lab
Quiz Lab
Music
April
Type in answers that appear in a list
Type in answers that appear in a list
Classic
Best Score? Go Orange.
Hot 100 #1s: January 5, 2008 to April 9, 2011 Stats
Can you name the Hot 100 #1s from January 5, 2008 to April 9, 2011?
By
hausofcherry
10m
47 Questions
34 Plays
34 Plays
34 Plays
Comments
Comments
Give Quiz Kudos
Give Quiz Kudos
-
- Ratings
hide this ad
Replay
Link that replays current quiz
Next Quiz
Link to next quiz in quiz playlist
You Got
0%
They Got
Avg Score
39%
Avg Friend Score
Upgrade to see
Score Distribution
Jump to the score distribution portion of the page
Score
0/47
Timer
10:00
0
Plays Today
% Correct
Ke$ha - 'TiK ToK'
70.6%
Katy Perry featuring Snoop Dogg - 'California Gurls'
67.6%
Katy Perry - 'Firework'
67.6%
Lady Gaga - 'Born This Way'
67.6%
Black Eyed Peas - 'Boom Boom Pow'
61.8%
Black Eyed Peas - 'I Gotta Feeling'
61.8%
Lady Gaga featuring Colby O'Donis - 'Just Dance'
58.8%
Lady Gaga - 'Poker Face'
58.8%
Bruno Mars - 'Grenade'
58.8%
Bruno Mars - 'Just the Way You Are'
55.9%
Beyoncé - 'Single Ladies (Put a Ring On It)'
52.9%
Rihanna featuring Drake - 'What's My Name?'
50%
Katy Perry featuring Kanye West - 'E.T.'
50%
Katy Perry - 'Teenage Dream'
47.1%
Rihanna - 'Only Girl (In the World)'
47.1%
Usher featuring will.i.am - 'OMG'
44.1%
Ke$ha - 'We R Who We R'
44.1%
Britney Spears - 'Hold It Against Me'
44.1%
Rihanna - 'Take a Bow'
41.2%
Coldplay - 'Viva la Vida'
38.2%
Rihanna - 'Disturbia'
38.2%
Jay-Z and Alicia Keys - 'Empire State of Mind'
38.2%
Eminem featuring Rihanna - 'Love the Way You Lie'
38.2%
Flo Rida featuring T-Pain - 'Low'
35.3%
% Correct
Katy Perry - 'I Kissed a Girl'
35.3%
Black Eyed Peas - 'Imma Be'
35.3%
Rihanna - 'Rude Boy'
35.3%
B.o.B featuring Bruno Mars - 'Nothin' On You'
35.3%
Eminem - 'Not Afraid'
35.3%
Britney Spears - 'Womanizer'
32.4%
P!nk - 'So What'
29.4%
Kelly Clarkson - 'My Life Would Suck Without You'
29.4%
Britney Spears - '3'
29.4%
Taio Cruz featuring Ludacris - 'Break Your Heart'
26.5%
P!nk - 'Raise Your Glass'
26.5%
Wiz Khalifa - 'Black and Yellow'
26.5%
Usher featuring Young Jeezy - 'Love in This Club'
23.5%
Lil Wayne featuring Static Major - 'Lollipop'
23.5%
T.I. - 'Whatever You Like'
23.5%
T.I. featuring Rihanna - 'Live Your Life'
23.5%
Flo Rida - 'Right Round'
20.6%
Jay Sean featuring Lil Wayne - 'Down'
20.6%
Jason Derülo - 'Whatcha Say'
20.6%
Leona Lewis - 'Bleeding Love'
17.6%
Eminem, Dr. Dre, and 50 Cent - 'Crack a Bottle'
17.6%
Far East Movement featuring The Cataracs and Dev - 'Like a G6'
17.6%
Mariah Carey - 'Touch My Body'
11.8%
Quiz Playlist
Details
Report
Send in Message
Add To Playlist
Classic:
Type in answers that appear in a list
Last Updated: Feb 16, 2017
Quiz Scoreboard
CHALLENGE
Sign Up to Join the Scoreboard
Show All
Scores
Hide
Comments
May contain spoilers
Recently Published
Presidents Visiting Landmarks
by Hejman
History
7m
An Introduction to Baseball
by treessimontrees
Sports
5m
Movies - When Are They Set?
by FPL_Elf
Movies
5m
More to Explore
Quiz From the Vault
Featured Blog Post
Where Did the Easter Bunny Come From?
hide this ad
You Might Also Like...
Tags
#1s
100
2008
2011
April
hot
January
Today's Top Quizzes in Music
Browse Music
hide this ad
Today's Top Quizzes in April
Browse April
Top Contributed Quizzes in Music
1
Taylor Swift All Songs (2024)
2
Guess the Artist- 70s Songs
3
Taylor Swift Logic Puzzle
4
KPOP LOGIC QUIZ
5
One Thing in Common: Music
6
2010s Album by Cover III
7
7-to-1: Billboard Hot 100 #1 Hits of 2010s
8
Guess the Taylor Swift song (Mystery Song)
9
Sorting Albums and Songs
10
2000s Album Cover Bunker
Explore More
Trending Topics
Crossword
NBA
Harry Potter
Disney
Marvel
Kpop
Anime
The Office
Puzzle
Pokémon
Song
Country
WWE
Soccer
NFL
hide this ad
More By:
hausofcherry
Quiz
Plays
Rating
Category
Featured
Created
Hot 100 #1s: January 5, 2008 to April 9, 2011
34
3.67
Music
Apr 5, 2011
Go to Creator's Profile
Score Distribution
Quiz Creator Spotlight
hausofcherry
Follow
Send a Message
Quizzes Created
-
Created Quiz Play Count
-
More By This Creator
Popular Quizzes Today
1
Find the US States - No Outlines Minefield
2
Find the Countries of Europe - No Outlines Minefield
3
The Countries of the World
4
Find the US States
5
Popular People in 1961
6
US States
7
Risky Map Clicking: Biggest States A-Z
8
1-10 Letter E Words III
More Music Quizzes
Country by Male Singer
Curator's Pick
Trending Quizzes
Risky Map Clicking: Least Populous States A-Z
1-10 Letter G Words
1-10 Letter F Words
Risky Map Clicking: Next State Alphabetically
Risky Map Clicking: Biggest States A-Z
Recently Updated
Leaping Animals
pecheneg
Reality TV Shows (A-Z)
bhenderson79
Rickey Henderson's Hall of Fame Teammates
pecheneg
Champions League XIs: Arsenal
pecheneg
Quick Pick: Celebrities in WWE's Hall of Fame
aduchscher
A-Z Keypad Blitz II
pecheneg
Multiple Oscar Actors
pecheneg
Mystery Phrase Blitz: Oscar 'Best Actors'
pecheneg
F. Scott Fitzgerald Novels
LTH
Pick 3 Villains
ddd62291
Trending Topics
Disney
Anime
Crossword
Marvel
NBA
Harry Potter
Kpop
NFL
Puzzle
Song
Pokémon
Soccer
The Office
WWE
Country
Your Account Isn't Verified!
In order to create a playlist on Sporcle, you need to verify the email address you used during registration. Go to your
Sporcle Settings
to finish the process.
Report this User
Report this user for behavior that violates our
Community Guidelines
.
Details:
Send Report
Go to the Sporcle.com Mobile Site →
Comments